000 00612nam a22002177a 4500
003 OSt
005 20210421065410.0
008 201216s1983 ||||| |||| 00| 0 eng d
040 _aeng
_beng
_cDLC
041 _aeng
_hfra
080 _a821.111
_bS-61
100 _9518
_aSimenon, Georges
245 _aMaigret Meets a Milord
_c/ by: Penguin Books
260 _aBungay
_bPenguin Books
_c1983
300 _a390 p.
365 _b2.95 gbp
650 0 _9254
_aEnglish literature
653 _aინგლისური ლიტერატურა
700 _9519
_aBaldick, Robert
_eTranslator
942 _2udc
_cBK
999 _c681
_d681